Представление документа в формате RUSMARC

ПолеНазваниеЗначение
  Тип записи a
  Библиографический уровень m
001 Контрольный номер RU/УГОНБ/EK/46395
005 Дата корректировки 20260703142946.1
010 Индекс ISBN __
a ISBN 5-01-003551-5
d Цена 150 р.
9 Тираж 25000 экз.
b Уточнения в пер.
100 Данные общей обработки __
a Данные общей обработки 19931019d1992 u u0rusy0189 ca
101 Язык документа 1_
a Язык текста rus
105 Кодированные данные (монография) __
a Кодированные данные (монография) a z 001yy
200 Заглавие и сведения об ответственности 1_
a Заглавие Циклы американской истории
f Первые сведения об ответственности А. М. Шлезингер
g Последующие сведения об ответственности перевод с английского П. А. Развина, Е. И. Бухаровой
203 Вид содержания и тип средства __
a Вид содержания Текст
b Характеристика содержания визуальный
c Тип средства непосредственный
210 Выходные данные 1_
a Место издания Москва
c Издательство Прогресс. Прогресс-академия
d Дата издания 1992
215 Физическое описание __
a Объем 687 с.
c Иллюстрации/тип воспроизводства ил.
d Формат 21 см
300 Общие примечания __
a Общие примечания Библиогр. в примеч.: с. 643-686
607 Географические рубрики __
a Географическое наименование США
610 Ключевые слова 0_
a Ключевые слова США история
686 Индексы других классификаций __
a Классификационный индекс 63.3(7США)
2 Код системы rubbk
700 Автор _1
a Фамилия Шлезингер
b Имя (инициалы) А. М.
c Титул (звания) младший
702 Вторичная интеллектуальная ответственность _1
a Фамилия Развина
b Имя (инициалы) П. А.
4 Код отношения 730
702 Вторичная интеллектуальная ответственность _1
a Фамилия Бухарова
b Имя (инициалы) Е. И.
4 Код отношения 730
801 Источник записи _0
a Страна RU
b Организация Ульяновская ОНБ
c Дата составления 19931019
g Правила каталогизации PSBO
801 Источник записи _1
a Страна RU
b Организация Ульяновская ОНБ
c Дата составления 20031118
901 Тип документа __
t Тип документа m
910 Корректоры записи __
a Корректор записи Пазекова
b Дата внесения изменения в запись 20260703
938 Служебная информация __
a Имя БД books
b Имя библиотеки УОНБ
c Имя АИБС МАРК-SQL
d Номер DOC_ID в БД 148256